Statistics for Държавите в Азия

Click here to take the quiz!

General Stats

  • This quiz has been taken 258 times
  • The average score is 37 of 48

Answers on the Map

Answers color-coded by a green-red scale on the quiz's map according to % correct below.
 

Answer Stats

Country% Correct
Китай
99%
Япония
98%
Индия
97%
Северна Корея
96%
Южна Корея
95%
Турция
95%
Монголия
92%
Ирак
91%
Иран
91%
Индонезия
90%
Виетнам
89%
Армения
88%
Саудитска Арабия
88%
Пакистан
88%
Афганистан
88%
Казахстан
86%
Тайланд
85%
Оман
82%
Сирия
82%
Израел
81%
Шри Ланка
81%
Туркменистан
80%
Таджикистан
80%
Узбекистан
79%
Филипини
78%
Сингапур
76%
Грузия
76%
Кипър
75%
Непал
74%
ОАЕ
74%
Йемен
73%
Катар
73%
Йордания
73%
Бутан
72%
Азербайджан
71%
Малайзия
70%
Бангладеш
70%
Лаос
70%
Ливан
66%
Тайван
66%
Камбоджа
64%
Киргизстан
61%
Бахрейн
60%
Кувейт
55%
Малдиви
53%
Мианмар
52%
Бруней
49%
Източен Тимор
41%

Score Distribution

Percentile by Number Answered

Percent of People with Each Score

Your Score History

You have not taken this quiz